Microeconomía
Salvato in:
| Autore principale: | |
|---|---|
| Natura: | Libro |
| Lingua: | spagnolo |
| Pubblicazione: |
Bogotá
McGraw-Hill
1982
|
| Soggetti: | |
| Tags: |
Aggiungi Tag
Nessun Tag, puoi essere il primo ad aggiungerne!!
|
MARC
| LEADER | 00000nam a2200000 a 4500 | ||
|---|---|---|---|
| 001 | UCR3524 | ||
| 003 | CL-VaPUC | ||
| 008 | 980124e19820000CK |||||||||||||||||spa|d | ||
| 082 | 0 | 4 | |a 338.5 |b MIL |2 21 |
| 100 | |a Miller, Roger LeRoy |e autor |9 861948 | ||
| 245 | 1 | 0 | |a Microeconomía |
| 300 | |a 610 p | ||
| 942 | |c BK | ||
| 945 | |d 19980124 00:00:00 |a aolguin | ||
| 260 | |a Bogotá |b McGraw-Hill |c 1982 | ||
| 650 | 0 | |a Microeconomía |9 258126 | |
| 650 | 0 | |a Consumidores |9 315658 | |
| 650 | 7 | |a DEMANDA |2 CL-VaPUC |9 255172 | |
| 650 | 0 | |a Precios |9 260787 | |
| 650 | 0 | |a Producción |9 263680 | |
| 650 | 0 | |a Costes de producción |9 263894 | |
| 650 | 0 | |a Monopolios |9 255549 | |
| 650 | 0 | |a Competencia |9 269688 | |
| 650 | 0 | |a Salarios |9 255321 | |
| 650 | 0 | |a Equilibrio económico |9 322667 | |
| 650 | 7 | |a BIENESTAR |2 CL-VaPUC |9 356849 | |
| 650 | 0 | |a Mercado |9 321497 | |
| 583 | |a last modification |c 19980124 00:00:00 |k Rodrigo Vera | ||
| 999 | |c 266586 |d 266584 | ||
| 952 | |0 0 |1 0 |4 0 |6 338_500000000000000_MIL_1982 |7 0 |8 A |9 298320 |a BIBGIM |b BIBGIM |d 2019-11-20 |i 1942646 |o 338.5 MIL 1982 |p 1942646 |r 2025-01-15 |w 2019-11-20 |y BK |k COM | ||